Biología molecular : (Record no. 7381)

MARC details
000 -LEADER
campo de control de longitud fija 00780nam a2200217 a 4500
005 - FECHA Y HORA DE LA ÚLTIMA TRANSACCIÓN
campo de control 20241114172648.0
008 - DATOS DE LONGITUD FIJA--INFORMACIÓN GENERAL
campo de control de longitud fija 230908b mx |||||||||||||| ||spa d
020 ## - NÚMERO INTERNACIONAL ESTÁNDAR DEL LIBRO
Número Internacional Estándar del Libro 9789701069219
040 ## - FUENTE DE CATALOGACIÓN
Centro/agencia transcriptor MX-LbUP
050 14 - SIGNATURA TOPOGRÁFICA DE LA BIBLIOTECA DEL CONGRESO
Número de clasificación QH506
Número de ítem B43 2009
100 1# - ENTRADA PRINCIPAL--NOMBRE DE PERSONA
Nombre de persona Beas Zárate, Carlos
9 (RLIN) 10941
Término indicativo de función/relación autor
245 10 - MENCIÓN DEL TÍTULO
Título Biología molecular :
Resto del título fundamentos y aplicaciones /
Mención de responsabilidad, etc. Carlos Beas Zárate, Daniel Ortuño Sahagún, Juan Socorro Armendáriz Borunda
260 ## - PUBLICACIÓN, DISTRIBUCIÓN, ETC.
Lugar de publicación, distribución, etc. México :
Nombre del editor, distribuidor, etc. McGraw-Hill,
Fecha de publicación, distribución, etc. 2009
300 ## - DESCRIPCIÓN FÍSICA
Extensión ix, 181 páginas :
Otras características físicas ilustraciones ;
Dimensiones 27 cm.
490 ## - MENCIÓN DE SERIE
Mención de serie Educación
9 (RLIN) 3727
500 ## - NOTA GENERAL
Nota general Incluye índice.
650 #0 - PUNTO DE ACCESO ADICIONAL DE MATERIA--TÉRMINO DE MATERIA
Término de materia o nombre geográfico como elemento de entrada Biología molecular
9 (RLIN) 473
700 1# - ENTRADA AGREGADA--NOMBRE PERSONAL
Nombre de persona Ortuño Sahagún, Daniel
9 (RLIN) 11335
Término indicativo de función/relación coautor
700 1# - ENTRADA AGREGADA--NOMBRE PERSONAL
Nombre de persona Armendáriz Borunda, Juan Socorro
9 (RLIN) 11351
Término indicativo de función/relación coautor
942 ## - ELEMENTOS DE ENTRADA SECUNDARIOS (KOHA)
Fuente del sistema de clasificación o colocación Clasificación de Library of Congress
Tipo de ítem Koha Libro
Holdings
Estatus retirado Estado de pérdida Fuente del sistema de clasificación o colocación Estado de daño No para préstamo Biblioteca de origen Biblioteca actual Fecha de adquisición Número de inventario Total de préstamos Signatura topográfica completa Código de barras Visto por última vez Copia número Precio de reemplazo Tipo de ítem Koha
    Clasificación de Library of Congress     Tuxtepec Tuxtepec 08/09/2023 TX003420   QH506 B43 2009 TX003420 08/09/2023 Ej. 1 08/09/2023 Libro
  
Av. Ferrocarril s/n, CD. Universitaria, Loma Bonita, Oax., México C.P. 68400
Circuito Central #200, colonia Parque Industrial, Tuxtepec, Oax., México C.P. 68301